向自己宣战 (Record no. 32011)

000 -LEADER
fixed length control field 00537nam a22001937a 4500
003 - CONTROL NUMBER IDENTIFIER
control field MPLRDC
005 - DATE AND TIME OF LATEST TRANSACTION
control field 20220104142557.0
008 - FIXED-LENGTH DATA ELEMENTS--GENERAL INFORMATION
fixed length control field 210129b ||||| |||| 00| 0 eng d
020 ## - INTERNATIONAL STANDARD BOOK NUMBER
International Standard Book Number 978-983-3478-75-0
082 ## - DEWEY DECIMAL CLASSIFICATION NUMBER
Classification number 220.7 XYDS-23 v.5
100 ## - MAIN ENTRY--PERSONAL NAME
Personal name 星云大师
245 ## - TITLE STATEMENT
Title 向自己宣战
Statement of responsibility, etc.
250 ## - EDITION STATEMENT
Edition statement 初版一刷
260 ## - PUBLICATION, DISTRIBUTION, ETC.
Place of publication, distribution, etc. 马来西亚
Name of publisher, distributor, etc. 佛光文化事业(马)有限公司
Date of publication, distribution, etc. 2009
300 ## - PHYSICAL DESCRIPTION
Other physical details 401
490 ## - SERIES STATEMENT
Series statement 人间佛教丛书; 人间万事: 5 道德观
650 ## - SUBJECT ADDED ENTRY--TOPICAL TERM
Topical term or geographic name entry element 佛教杂论
942 ## - ADDED ENTRY ELEMENTS (KOHA)
Koha item type Book
-- 220.7 XYDS-23 v.5
Holdings
Withdrawn status Lost status Source of classification or shelving scheme Damaged status Not for loan Collection code Home library Current library Shelving location Date acquired Cost, normal purchase price Total Checkouts Full call number Barcode Date last seen Date last checked out Price effective from Koha item type Public note
            Malaysian Public Library, Research and Development Centre Malaysian Public Library, Research and Development Centre   10/12/2007 25.00   220.7 XYDS-23 v.5 00032105 18/03/2021 02/08/2017 18/03/2021 Book mplrdc

© 2022. Malaysian Public Library, Research and Development Centre. All Right ReservedE-mailmplrdc@help.edu.my 

Powered by Koha